000 00617nam a2200217Ia 4500
005 20250508151338.0
008 008 250505s9999 xx 000 0 eng d
037 _aTextual
040 _aFEDL
_beng
_cFEDL
041 _aeng
_2eng
084 _a152.7, ITT
_qFEDL
100 _aIttelson William H
245 0 _aPerception: A transactional approach
260 _aNew York, USA
_bDoubleday and Company
_c1954
300 _aix,33p.
365 _aINR
_b5
490 _aDoubleday papers in psychology
700 _a Cantril Hadley
_9758910
942 _cTEXL
_h152.7, ITT
999 _c1329198
_d1329198